LEADER 01679nam 22004453 450 001 9910839301303321 005 20230221194935.0 010 $a1-80327-347-X 035 $a(MiAaPQ)EBC30181160 035 $a(Au-PeEL)EBL30181160 035 $a(CKB)25158265700041 035 $a(BIP)086000693 035 $a(EXLCZ)9925158265700041 100 $a20221017d2022 uy 0 101 0 $aeng 135 $aurcnu|||||||| 181 $ctxt$2rdacontent 182 $cc$2rdamedia 183 $acr$2rdacarrier 200 10$aUnforgettable Encounters 205 $a1st ed. 210 1$aOxford :$cArchaeopress,$d2022. 210 4$dİ2022. 215 $a1 online resource (256 pages) 311 08$aPrint version: Ripanti, Francesco Unforgettable Encounters: Understanding Participation in Italian Community Archaeology Oxford : Archaeopress,c2022 330 $aWhether as excavators and re-enactors, or co-organising research campaigns and outreach activities, the participation of the general public in archaeology has become a well-represented practice, but the impact remains underexplored. Evaluating participation can influence fieldwork practice and enrich the academic discussion on public archaeology. 606 $aCommunity archaeology$zItaly$xCitizen participation 607 $aItaly$2fast 610 $aArchaeology 610 $aSocial Science 615 0$aCommunity archaeology$xCitizen participation. 676 $a930.10945 700 $aRipanti$b Francesco$01727026 801 0$bMiAaPQ 801 1$bMiAaPQ 801 2$bMiAaPQ 906 $aBOOK 912 $a9910839301303321 996 $aUnforgettable Encounters$94133687 997 $aUNINA LEADER 01555nam 2200301z- 450 001 9910694153703321 005 20070119084813.0 035 $a(CKB)5860000000019705 035 $a(BIP)013963253 035 $a(EXLCZ)995860000000019705 100 $a20220406c2006uuuu -u- - 101 0 $aeng 200 10$aConfirmation hearing on the nominations of William James Haynes II to be circuit judge for the Fourth Circuit and Frances Marie Tydingco-Gatewood to be district judge for the District of Guam $ehearing before the Committee on the Judiciary, United States Senate, One Hundred Ninth Congress, second session, July 11, 2006 215 $a1 online resource (iv, 360 p.) 311 $a0-16-077446-2 517 $aConfirmation hearing on the nominations of William James Haynes II to be circuit judge for the Fourth Circuit and Frances Marie Tydingco-Gatewood to be district judge for the District of Guam 606 $aJudges$xSelection and appointment$zUnited States 606 $aJudges$xSelection and appointment$zGuam 610 $aJudges 610 $aCourts 610 $aLaw 615 0$aJudges$xSelection and appointment 615 0$aJudges$xSelection and appointment 712 02$aUnited States, Congress Senate Committee on the Judiciary Staff,$4oth 906 $aBOOK 912 $a9910694153703321 996 $aConfirmation hearing on the nominations of William James Haynes II to be circuit judge for the Fourth Circuit and Frances Marie Tydingco-Gatewood to be district judge for the District of Guam$93171669 997 $aUNINA